00332nam a2200133 a 450000100080000000500110000800800410001924500400006026000320010030000100013250000340014265000130017665000090018920690552017-05-02 1969 bl uuuu u0uu1 u #d aENSAIO nacional de soja anob66/67. a[S. l.]: s. n., 1967.c1969 a20 p. aProjeto D.P.E.A. - 5 1966/67. aSoybeans aSoja